000 02348nam a22002777a 4500
003 DO-SdBNP
005 20210408141242.0
008 210303b 2000 dr 0 spa d
020 _a9993400483
040 _aBPMSU
_cspa
_dBPMSU
082 _a923.77295
_bH831H
_222
100 1 _aHostos,Bayoán Lautaro de
_d1885-1960
245 _aEugenio María de Hostos, Intimo /
_cBoyoán Lautero de Hostos
246 1 3 _aIntimo
250 _a2a. ed.
260 _aSanto Domingo :
_bLibrería la Trinitaria,
_c2000.
300 _a156 p.;
_c23 cm.
500 _aIncluye datos biográficos del autor en la solapa de la cubierta
500 _a
500 _a
505 _aPrólogo: El papel de los intelectuales de nuevo sobre el tapete -- Palabras liminare -- I. Anécdota de las minas de Oraya, Perú -- Anécdota de Meriño, Santo Domingo -- Anécdota de Carranza, Santo Domiogo -- .Anécdota de la Biblioteca de San Carlos, Santo Domingo --. Anécdota de la Escuela Normal de Santo Domingo -- Anécdota de Belinda Avala se Hostos, Santo Domingo -- Anécdota de María Angelina de Hostos, Santo Domingo -- Anécdota de la Ley de Enseñanza Pública, Santo Domingo -- Anécdota del juego de azar, Chile, Santiago de Chile -- Anécdota del discurso dela Alameda de las Delicias, Santiago de Chile -- Anécdota de Jarabacoa, Santo Domingo -- Anécdota del Club Santiago, Sgo. de Chile -- Anécdota de Adolfo y Bayoan de Hostos,Santiago de Chile -- Anécdota de ciclón de San Ciriaco, Mayaguez,Puerto Rico-- Anécdota del presidente Juan Isidro Jimenes,Santo Domingo -- Anécdota del Mariscal de Campo de Santo Domingo -- Anécdota del General Ulises Heureaux, Santo Domingo -- Anécdota de la influencia de Heureaux,y sociológia de la República.
590 _6Inventariado, 2021/VM
600 1 4 _aHostos, Eugenio María de
_d1839-1903
_xAnécdota
910 _aVMateo
942 _2ddc
_cBK
999 _c13383
_d13383